000 00874nam a2200265 i 4500
003 DO-SdBNP
005 20240927073750.0
007 ta
008 100901t1958 dr 000 0bspa d
040 _aDO-SdBNP
_bspa
_cBNPHU
_erda
082 4 _a923.27293
_bD812b, 1958
_222
100 1 _a Balaguer, Joaquín,
_d1906-2002
_976556
245 1 3 _aEl Cristo de la libertad :
_bvida de Juan Pablo Duarte /
_cJoaquín Balaguer.
250 _a2a ed
260 _aBuenos Aires, Argentina :
_bArtes Gráficas,
_c1958.
300 _a205 páginas ;
_c20 cm.
336 _2rdacontent
_atexto
_btxt
337 _2rdamedia
_asin mediación
_bn
338 _2rdacarrier
_avolumen
_bnc
590 _aInventariado,, 2023/BT
600 1 0 _aDuarte, Juan Pablo,
_d1813-1876
_91494
651 0 _aRepública Dominicana --
_xHistoria --
_y1844-1930
_91009
910 _aBtavárez
942 _2ddc
_cLBS1
999 _c53516
_d53516